00900cam a22002411 4500001001300000003000400013005001700017008004100034010001700075035001900092040004200111042001200153050002100165110005700186245005900243260002300302300002200325500017900347651003800526651002900564710004800593999001700641pa 67000005 DLC20260227111857.0770823s1966 dcu i000 0 eng c apa 67000005  a(OCoLC)3210715 aPan American Union. LibrarycTNJdDLC apremarc00aHF3230.5.Z5bP332 aPan American Union.bDepartment of Economic Affairs.10aLatin America's foreign trade;bproblems and policies. aWashington,c1966. avi, 93 p.c28 cm. a"Originally published for the fourth annual meeting of the Inter-American Economic and Social Council ... with the following classification OEA/ser.H/x.8, CIES/862 (English)" 0aLatin AmericaxCommercial policy. 0aLatin AmericaxCommerce.2 aInter-American Economic and Social Council. c51599d51599